000 00537nam a2200193Ia 4500
005 20250507130236.0
008 008 250505s9999 xx 000 0 eng d
037 _aSeries Article
040 _aEASL
_beng
_cEASL
041 _aeng
_2eng
084 _qEASL
100 _aManning Kimberley Ens
_9669035
245 0 _aEmbodied activisms:the case of the mu guiying brigade
260 _aUK
_bUK Cambridge Univesity Press UK
_c2010
300 _a850-869
650 _aChina
942 _cSRA
999 _c1318512
_d1318512